000 00270nam a22001217a 4500
020 _a978-93-82515-19-7
082 _a894.812
_bJAY/T
100 _aS, JAYAKUMARI
245 _aTHAYYAL PADANAM INI VEETTILUM
260 _aTHRISSUR
_bH&C
650 _aGK
_zKERALA
942 _cBK
999 _c7128
_d7128